| 000 | 01520 a2200217 4500 | ||
|---|---|---|---|
| 003 | Nust | ||
| 005 | 20220810121622.0 | ||
| 010 | _a 2004007371 | ||
| 020 | _a0131141651 | ||
| 040 | _cNust | ||
| 082 | 0 | 0 | _a621.381,KLE |
| 100 | 1 |
_aKleitz, William. _996710 |
|
| 245 | 1 | 0 |
_aDigital electronics : _ba practical approach / _cWilliam Kleitz. |
| 250 | _a7th ed. | ||
| 260 |
_aUpper Saddle River, N.J. : _bPearson/Prentice Hall, _cc2005. |
||
| 300 |
_axx, 908 p. : _bill. (some col.) ; _c29 cm. + _e1 CD-ROM (4 3/4 in.) |
||
| 505 | _aNumber Systems and Codes (Page-2), Digital Electronic Signals and Switches (Page-28), Basic Logic Gates (Page-60), Programmable Logic Devices: Altera and Xilinx CPLDs and FPGAs (Page-108), Boolean Algebra and Reduction Techniques (Page-128), Exclusive-Or and Exclusive-Nor Gates (Page-194), Arithmetic Operations And Circuits (Page-216), Code Converters, Multiplexers, And Demultiplexers (Page-258), Logic Families And Their Characteristics(Page-316), Flip-Flops And Registers (Page-360), Practical Considerations For Digital Design (Page-404), Counter Circuits And Vhdl State Machines (Page-452), Shift Registers(Page-532), Multivibrators And The 555 Timer (Page-580), Interfacing To The Analog World (Page-616), Semiconductor, Magnetic And Optical Memory (Page-654), Microprocessor Fundamentals (Page-694), The 8051 Microcontroller(Page-716). | ||
| 650 | 0 | _aDigital electronics. | |
| 856 | 4 | 1 |
_3Table of contents _uhttp://www.loc.gov/catdir/toc/ecip0416/2004007371.html |
| 942 |
_2ddc _cREF |
||
| 999 |
_c176871 _d176871 |
||